Efficacy of Kinesio Taping and Pilates in Postpartum Women With Low Back Pain (Record no. 26464)
[ view plain ]
| 000 -LEADER | |
|---|---|
| fixed length control field | 00368nam a22001457a 4500 |
| 003 - CONTROL NUMBER IDENTIFIER | |
| control field | SGT |
| 082 ## - DEWEY DECIMAL CLASSIFICATION NUMBER | |
| Classification number | 617.84 |
| Item number | E22R |
| 100 ## - MAIN ENTRY--PERSONAL NAME | |
| Personal name | RISHI, PRIYANKA |
| 245 ## - TITLE STATEMENT | |
| Title | Efficacy of Kinesio Taping and Pilates in Postpartum Women With Low Back Pain |
| 260 ## - PUBLICATION, DISTRIBUTION, ETC. (IMPRINT) | |
| Place of publication, distribution, etc | GURUGRAM |
| Name of publisher, distributor, etc | SGT UNIVERSITY |
| Year of Publication | 2022 |
| 300 ## - PAGE DESCRIPTION | |
| No. of Pages | 233 |
| 650 ## - SUBJECT ADDED ENTRY--TOPICAL TERM | |
| Topical term or geographic name as entry element | PHYSIOTHERAPY |
| 653 ## - KEYWORDS--INDEX TERM | |
| Keyword term | PHD |
| 942 ## - ADDED ENTRY ELEMENTS (KOHA) | |
| Source of classification or shelving scheme | Dewey Decimal Classification |
| Koha item type | Thesis/Dissertation |
| Withdrawn status | Lost status | Source of classification or shelving scheme | Damaged status | Not for loan | Collection code | Home library | Current library | Shelving location | Date acquired | Total Checkouts | Full call number | Accession No. (Barcode) | Date last seen | Bill Date | Koha item type |
|---|---|---|---|---|---|---|---|---|---|---|---|---|---|---|---|
| Dewey Decimal Classification | Not For Loan | MEDICAL | SGT Medical Library | SGT Medical Library | Reference Book | 18/06/2024 | 617.84 E22R | DT1623 | 18/06/2024 | 18/06/2024 | Thesis/Dissertation | ||||
| Dewey Decimal Classification | Not For Loan | MEDICAL | SGT Medical Library | SGT Medical Library | Reference Book | 18/06/2024 | 617.84 E22R | DT1624 | 18/06/2024 | 18/06/2024 | Thesis/Dissertation |